Central Library OPAC University of Rajshahi

জেন্ডার ও আর্থ-সামাজিক উন্নয়ন / (Record no. 38578)

MARC details
000 -LEADER
fixed length control field 01188nam a2200253 a 4500
001 - CONTROL NUMBER
control field 38578
003 - CONTROL NUMBER IDENTIFIER
rucl marc code BD-RjUL
005 - DATE AND TIME OF LATEST TRANSACTION
control field 20211209052825.0
008 - FIXED-LENGTH DATA ELEMENTS--GENERAL INFORMATION
fixed length control field 160114s2007 bg a|||| |||| 000 0 ben d
020 ## - INTERNATIONAL STANDARD BOOK NUMBER
International Standard Book Number 9844105633
Terms of availability : Tk. 300.00
035 ## - SYSTEM CONTROL NUMBER
System control number (BD-RjUL)38686
040 ## - CATALOGING SOURCE
Original cataloging agency BD-RjUL
Language of cataloging ben
Transcribing agency BD-RjUL
041 ## - LANGUAGE CODE
Language code of text/sound track or separate title ben
082 ## - DEWEY DECIMAL CLASSIFICATION NUMBER
Edition number 23
Classification number 305.42095492
Author mark and year GEN 2007
245 00 - TITLE STATEMENT
Title জেন্ডার ও আর্থ-সামাজিক উন্নয়ন /
Statement of responsibility, etc. সম্পাদনা : সেলিনা হোসেন, ঋতা আফসার, মাসুদুজ্জামান
260 ## - PUBLICATION, DISTRIBUTION, ETC. (IMPRINT)
Place of publication, distribution, etc. ঢাকা :
Name of publisher, distributor, etc. মাওলা ব্রাদার্স,
Date of publication, distribution, etc. ২০০৭
300 ## - PHYSICAL DESCRIPTION
Pagination ৩৩৪ পৃ. :
Size চিত্র ;
Illustrations ২২ সেমি
650 ## - SUBJECT ADDED ENTRY--TOPICAL TERM
Topical term or geographic name as entry element নারী
General subdivision অর্থনৈতিক অবস্থা
Geographic subdivision বাংলাদেশ
9 (RLIN) 122999
Topical term or geographic name as entry element Women
General subdivision Econmic conditions
Geographic subdivision Bangladesh
9 (RLIN) 123000
700 ## - ADDED ENTRY--PERSONAL NAME
Personal name হোসেন, সেলিনা, সম্পাদক
Personal name আফসার, ঋতা, সম্পাদক
Personal name মাসুদুজ্জামান, সম্পাদক
942 ## - ADDED ENTRY ELEMENTS (KOHA)
Source of classification or shelving scheme Dewey Decimal Classification
Koha item type Books
Holdings
Lost status Source of classification or shelving scheme Damaged status Not for loan Collection code Permanent Location Current Location Shelving location Date acquired Source of acquisition Cost, normal purchase price Total Checkouts Full call number Date last seen Copy number Koha item type
  Dewey Decimal Classification   Not For Loan Non-fiction Central Library, University of Rajshahi Central Library, University of Rajshahi Reading Room 03/08/2014 Batighar, Chittagong 225.00   B 305.42095492 GEN 2007 20/04/2016 C-1 Books